| 000 | 00895nas a2200301 4500 | ||
|---|---|---|---|
| 001 | BR2012005893 | ||
| 003 | BR-BrBNA | ||
| 005 | 20231205120947.0 | ||
| 007 | ta | ||
| 008 | 230509b bl.|||p| |||| 00| 00por d | ||
| 040 |
_aBR-BrBNA _bpor _cBiblioteca Nacional de Agricultura |
||
| 041 | _a(En) | ||
| 072 | _aL73 | ||
| 100 | 1 | _aCargnelutti, J.F. | |
| 100 | 1 | _aWendlant, A. | |
| 100 | 1 | _aWeiblen, R. | |
| 100 | 1 | _aFlores, E.F. | |
| 245 | 1 | _aGuinea pigs experimentally infected with vaccinia virus replicate and shed, but do not transmit the virus | |
| 650 | _aPREA | ||
| 650 | _aCAVIA APEREA | ||
| 650 | _aCONTAMINAÇÃO | ||
| 650 | _aVÍRUS | ||
| 650 | _aEPIDEMIOLOGIA | ||
| 650 | _aRIO GRANDE DO SUL | ||
| 773 | 0 |
_tCiência Rural (Brazil) _xISSN 0103-8478 _g(Jun 2012), v. 42(6) p. 1057-1060 _wBR2012005893 |
|
| 909 |
_a202311 _bLúcia _c55 _dLúcia Elande |
||
| 942 |
_2AGRIS _n0 _cANA |
||
| 999 |
_c221191 _d221191 |
||